60 Second Blitz: US Capitals Quiz Stats

 Plays Quiz Updated Oct 1, 2018

Challenge
Share
Tweet
Embed
Score 0/50 Timer 01:00
3 Plays Today
State Capitals % Correct
Sacramento
71.2%
Albany
67.3%
Austin
60.6%
Tallahassee
53.2%
Boston
52.1%
Atlanta
51.3%
Salem
46.8%
Olympia
45.8%
Augusta
44.5%
Phoenix
43.1%
Denver
42.8%
Columbus
41.2%
Boise
40.4%
Dover
40.1%
Springfield
39.7%
Helena
38.9%
Lansing
38.2%
Trenton
37.6%
Juneau
37.5%
Raleigh
37.5%
Carson City
37.4%
Harrisburg
37%
Jackson
36.8%
Pierre
36.7%
Honolulu
35.6%
State Capitals % Correct
Hartford
35.5%
Columbia
35.5%
Annapolis
35.4%
Baton Rouge
35.2%
Richmond
33.8%
Concord
33.7%
St. Paul
33.6%
Santa Fe
33.1%
Oklahoma City
32.9%
Des Moines
32.7%
Topeka
32.7%
Madison
32.6%
Montpelier
32.2%
Bismarck
32.2%
Nashville
32%
Indianapolis
32%
Montgomery
31.9%
Little Rock
31.9%
Jefferson City
31.7%
Lincoln
31.1%
Salt Lake City
29.6%
Frankfort
29.3%
Providence
28.3%
Cheyenne
27.8%
Charleston
27.4%

You're not logged in!

Compare scores with friends on all Sporcle quizzes.
OR
Log In

You Might Also Like...

Show Comments

Extras

Top Quizzes Today


Score Distribution

Your Account Isn't Verified!

In order to create a playlist on Sporcle, you need to verify the email address you used during registration. Go to your Sporcle Settings to finish the process.

Report this User

Report this user for behavior that violates our Community Guidelines.

Details: